| 000 | 00568nam a22001817a 4500 | ||
|---|---|---|---|
| 999 |
_c192212 _d192212 |
||
| 005 | 20220914103418.0 | ||
| 010 | _aENG-135067 | ||
| 020 |
_a978-81-7164-178-9 _c580.00 |
||
| 035 | _aEN-118599 | ||
| 037 | _bDBAD/PUB | ||
| 082 | _a521 | ||
| 100 | _aUmesh Singh | ||
| 245 |
_aLivestock Breeding: From concept to application/ _bUmesh Singh at all |
||
| 260 |
_aNew Delhi _bIndian Council of Agricultural Research _c2018 |
||
| 270 |
_aKrishi Anusandhan Bhavan I, Pusa _bNew Delhi _e110012 |
||
| 300 |
_a275p. _c22cm(pbk) |
||
| 942 |
_2ddc _cEN _h521 _mUME |
||